Honesty and Self-Selection into Public Service in Slovakia

Skúmanie, či slovenský verejný sektor priťahuje jednotlivcov s odlišnými etickými štandardmi ako tých, ktorí sa snažia o súkromnú kariéru. Pomocou prieskumného experimentu zahŕňajúceho študentov ekonómie replikujeme úlohu hodu kockou pod pohárom na meranie nečestnosti a jej prepojenie s kariérnymi p...

ver descrição completa

Na minha lista:
Detalhes bibliográficos
Autor principal: Kališ, Richard, 1991-
Outros Autores: Pauchlyová, Margaréta, 1998-, Beňová, Beáta
Formato: Capítulo de Livro
Idioma:inglês
Assuntos:
Tags: Adicionar Tag
Sem tags, seja o primeiro a adicionar uma tag!

MARC

LEADER 00000naa a2200000 4500
001 0315227
005 20260303103905.2
041 0 |a eng 
044 |a GB 
245 1 0 |a Honesty and Self-Selection into Public Service in Slovakia  |c Richard Kališ, Margaréta Pauchlyová, Beáta Beňová 
520 |a Skúmanie, či slovenský verejný sektor priťahuje jednotlivcov s odlišnými etickými štandardmi ako tých, ktorí sa snažia o súkromnú kariéru. Pomocou prieskumného experimentu zahŕňajúceho študentov ekonómie replikujeme úlohu hodu kockou pod pohárom na meranie nečestnosti a jej prepojenie s kariérnymi preferenciami. Zistilo sa, že študenti, ktorí uprednostňujú verejnú službu alebo politickú kariéru, sa s väčšou pravdepodobnosťou zapájajú do nečestného správania, a to aj po kontrole očakávaného platu, akademického výkonu, pohlavia a charitatívneho daru. Avšak tí, ktorí darujú viac zo svojich zárobkov na charitu, s menšou pravdepodobnosťou podvádzajú. 
610 2 0 |a sektor verejný 
610 2 0 |a etika podniková 
610 2 0 |a ekonómia 
610 2 0 |a korupcia 
610 2 0 |a služba verejná 
100 1 |a Kališ, Richard, 1991- 
700 1 |a Pauchlyová, Margaréta, 1998- 
700 1 |a Beňová, Beáta